[Event "Festival de Benidorm - Torneo Femenino"]
[Site "Benidorm ESP"]
[Date "2010.12.12"]
[Round "9.5"]
[White "L'Ami, Alina"]
[Black "Daulyte, Deimante"]
[Result "1/2-1/2"]
[WhiteElo "2348"]
[BlackElo "2283"]
[PlyCount "40"]
[EventDate "2010.12.07"]
[EventType "tourn"]
[EventRounds "9"]
[EventCountry "ESP"]
[Source "lmi"]
[SourceDate "2010.12.07"]

1. e4 c5 2. Nf3 d6 3. d4 cxd4 4. Nxd4 Nf6 5. Nc3 a6 6. Bg5 Nbd7 7. f4 Qc7 8.
Qe2 e5 9. Nf5 h6 10. Bxf6 Nxf6 11. Ne3 exf4 12. Ned5 Nxd5 13. Nxd5 Qc5 14. b4
Qc6 15. b5 axb5 16. Qd2 Kd8 17. Rb1 Be7 18. Bxb5 Qc5 19. a4 Bh4+ 20. Kf1 Be6
1/2-1/2